000 00378pam a2200157a 44500
008 230515b2009 xxu||||| |||| 00| 0 eng d
020 _aNULL
041 _aENGLISH
082 _a330/REF
100 _aREFERENCE PRESS
245 _aCOMMERCE-REFERENCE MANUAL FOR UGC EXAMINATION
250 _a1
260 _aPUNE
_bABHIJIT PRAKASHAN
_c2009
300 _a436
650 _aNULL
999 _c542164
_d542164